| 000 | 00951nas a2200313 4500 | ||
|---|---|---|---|
| 001 | BR2016001434 | ||
| 003 | BR-BrBNA | ||
| 005 | 20231205130256.0 | ||
| 007 | ta | ||
| 008 | 230509b bl.|||p| |||| 00| 00por d | ||
| 040 |
_aBR-BrBNA _bpor _cBiblioteca Nacional de Agricultura |
||
| 041 | _a(Pt) | ||
| 072 | _aH20 | ||
| 100 | 1 | _aSilva, A.C. da | |
| 100 | 1 | _aResende, M.L.V. de | |
| 100 | 1 | _aSouza, P.E. de | |
| 100 | 1 | _aPôssa, K.F. | |
| 100 | 1 | _aSilva Júnior, M.B. da | |
| 245 | 1 | _aExtrato vegetal, fosfito e sulfato de zinco no controle de oídio em eucalipto | |
| 650 | _aEUCALIPTO | ||
| 650 | _aEUCALYPTUS SPP | ||
| 650 | _aDOENCA DE PLANTA | ||
| 650 | _aMICROSCOPIO ELETRONICO | ||
| 650 | _aMATERIAL DE PROPAGACAO | ||
| 650 | _aESTACA | ||
| 773 | 0 |
_tRevista Ciência Agronômica (Brazil) _xISSN 0045-6888 _g(Jan-Mar 2016), v. 47(1) p. 93-100 _wBR2016001434 |
|
| 909 |
_a202311 _bLúcia _c55 _dLúcia Elande |
||
| 942 |
_2AGRIS _n0 _cANA |
||
| 999 |
_c248589 _d248589 |
||